000 00371nam a22001217a 4500
999 _c5506
_d5506
008 250925b ||||| |||| 00| 0 eng d
020 _a9781913322176
082 _a823.92 BIL
100 _aBILAN,JASBINDER
_eAUTHOR
_lENGLISH
245 _aTAMARIND AND THE STAR OF ISHTA
260 _a2 PALMER STREET,FROME,SOMERSET BA11 1DS,UNITED KINGDOM
_bCHICKEN HOUSE
_c2020
942 _2ddc